000 00341 a2200109 4500
001 ART_40938
005 20260410161721.0
008 260409a
245 1 0 _aInvestigación contable interdisciplinaria
100 1 _aGarcía Fronti, Inés M.
773 0 _tContabilidad y auditoría
_g- Año 21, Nº 42 (dic. 2015)
_wREV1723
999 _c16982
_d16982